000 00994nam a2200289 i 4500
003 DO-SdBNP
005 20250206101005.0
007 ta
008 240628s2024 dr a 000 j spa d
020 _a9788419808097
020 _a9788419808639 (eBook)
040 _aDO-SdBNP
_bspa
_cBNPHU
_erda
082 _bA162
_222
100 1 _aDisla, Edwin,
_d1961-
_eautor
_928921
245 1 3 _aLa Grecia de hoy y los siglos de oro del imperio griego :
_bfilosofía y poesía /
_cPedro Julio Abreu Columna : prólogo Churchill
264 1 _aSanto Domingo :
_bCaligrama,
_c2024.
300 _a363 páginas,
_bilustraciones
_c23 cm.
336 _2rdacontent
_atexto
_btxt
337 _2rdamedia
_asin mediación
_bn
338 _2rdacarrier
_avolumen
_bnc
500 _aIncluye datos biografícos del autor en la solapa de la portada.
504 _aBibliografía p: 353-361.
590 _aInventariado, 2024/ YL
700 _aChurchill
_eprólogo
_985881
910 _aYLockward
942 _2ddc
_cLBS1
999 _c57052
_d57052